000 01898nam0a2200397 4500
001 RU\NLR\BIBL_A\012887515
005 20251217115306.0
010 _a978-5-907504-72-1
021 _aRU
_bКН-П-22-049024
_9КН-П-22-4250
035 _a(NLR Aleph) 012887515
090 _a12540220
_c12540220
100 _a20220913d2022 k y0rusy50 ca
101 0 _arus
102 _aRU
105 _aa z 000zy
181 0 _ai
_baxxe
182 0 _an
200 1 _aКлинические шкалы в неврологии
_fО.С. Левин, Е.Е. Васенина, О.А. Ганькина, А.Ш. Чимагомедова
203 _aТекст
_bвизуальный
_cнепосредственный
205 _a3-е изд.
210 _aМосква
_cМЕДпресс-информ
_d2022
215 _a191, [1] с.
_cил., табл.
_d17
320 _aБиблиогр. в конце кн.
606 1 _aНеврология
_xКлинические шкалы
_3RU\NLR\AUTH\6601649354
686 1 _aР62-4
701 1 _aЛевин
_bО. С.
_cд-р мед. наук
_gОлег Семенович
_8rus
_3RU\NLR\AUTH\7739875
_7ca
701 1 _aВасенина
_bЕ.Е.
_gЕлена Евгеньевна
701 1 _aГанькина
_bО. А.
_gОльга Александровна
701 1 _aЧимагомедова
_bА. Ш.
_gАчча Шахбулатовна
856 4 _lVNP_UCHZ
_tVIEW
_uhttps://webservices.nlr.ru/viewer/file?name=a012887515_002.txt
_yАннотация
856 4 _lVNP_UCHZ
_tVIEW
_uhttps://webservices.nlr.ru/viewer/file?name=p012887515_003.jpg
_x001
_yСтраница
856 4 1 _lVNP_UCHZ
_tVIEW
_uhttps://webservices.nlr.ru/viewer/file?name=t012887515_001.jpg
_yОбложка
942 _cBOOK
980 _aNB